Confessions of an actor : (Record no. 59)

MARC details
000 -LEADER
fixed length control field 00769pam a2200241 a 4500
005 - DATE AND TIME OF LATEST TRANSACTION
control field 20260322212004.0
008 - FIXED-LENGTH DATA ELEMENTS--GENERAL INFORMATION
fixed length control field data
010 ## - LIBRARY OF CONGRESS CONTROL NUMBER
LC control number 83011413
020 ## - INTERNATIONAL STANDARD BOOK NUMBER
International Standard Book Number 0140068880 (pbk.)
020 ## - INTERNATIONAL STANDARD BOOK NUMBER
International Standard Book Number 9780140068887 (pbk.)
040 ## - CATALOGING SOURCE
Original cataloging agency DLC
Transcribing agency DLC
Modifying agency DLC
050 10 - LIBRARY OF CONGRESS CALL NUMBER
Classification number PN2598.O55
Item number A33 1984
082 00 - DEWEY DECIMAL CLASSIFICATION NUMBER
Classification number B
-- B
Edition information 19
001 - CONTROL NUMBER
control field data
100 1# - MAIN ENTRY--PERSONAL NAME
Personal name Olivier, Laurence,
Dates associated with a name 1907-1989.
245 10 - TITLE STATEMENT
Title Confessions of an actor :
Remainder of title an autobiography /
Statement of responsibility, etc. Laurence Olivier.
260 ## - PUBLICATION, DISTRIBUTION, ETC.
Place of publication, distribution, etc. New York, N.Y. :
Name of publisher, distributor, etc. Penguin Books,
Date of publication, distribution, etc. 1984, c1982.
300 ## - PHYSICAL DESCRIPTION
Extent 361 p., [48] p. of plates :
Other physical details ill. ;
Dimensions 20 cm.
500 ## - GENERAL NOTE
General note Reprint. Originally published: New York : Simon and Schuster, c1982.
500 ## - GENERAL NOTE
General note Includes index.
600 10 - SUBJECT ADDED ENTRY--PERSONAL NAME
Personal name Olivier, Laurence,
Dates associated with a name 1907-1989.
650 #0 - SUBJECT ADDED ENTRY--TOPICAL TERM
Topical term or geographic name entry element Actors
Geographic subdivision Great Britain
General subdivision Biography.
Holdings
Withdrawn status Lost status Damaged status Not for loan Home library Current library Shelving location Date acquired Total checkouts Full call number Barcode Date last seen Price effective from Koha item type
        Franklin Franklin General stacks 22/03/2026   792/.028/0924 B 19 BC0010060 22/03/2026 22/03/2026 Books